[Event "Oberfranken-ch"]
[Site "Schney"]
[Date "2020.01.04"]
[Round "3"]
[White "Stephan, Thanh Hai"]
[Black "Wolf, Alfred"]
[Result "0-1"]
[WhiteElo "1173"]
[BlackElo "1583"]
[PlyCount "104"]
[EventDate "2020.01.03"]
[EventType "swiss"]
[EventRounds "7"]
[EventCountry "GER"]
[SourceTitle "CBM 194 Extra"]
[Source "ChessBase"]
[SourceDate "2020.03.31"]
[SourceVersion "1"]
[SourceVersionDate "2020.03.31"]
[SourceQuality "1"]

1. e4 c5 2. d3 e6 3. Nc3 Nc6 4. Nf3 Nf6 5. Bg5 Be7 6. Be2 d6 7. 0-0 h6 8. Be3 0-0 9. d4 cxd4 10. Nxd4 Nxd4 11. Qxd4 e5 12. Qd2 b6 13. Nd5 Nxd5 14. exd5 Bg5 15. f4 exf4 16. Bxf4 Bf6 17. Rf3 Bg4 18. Rg3 Bf5 19. Rf1 Bg6 20. Rff3 Re8 21. Bd3 Bh4 22. Rh3 Bxd3 23. Rxd3 Re1+ 24. Qxe1 Bxe1 25. Bxh6 Qf6 26. Rdf3 Qd4+ 27. Be3 Qxd5 28. Rf4 f6 29. Bd4 Bd2 30. Rfh4 Kf7 31. Rd3 Qg5 32. Rhh3 Bb4 33. Be3 Qe5 34. c3 Bc5 35. b4 Bxe3+ 36. Rhxe3 Qg5 37. a4 Re8 38. Kf2 Rxe3 39. Rxe3 Qf5+ 40. Rf3 Qc2+ 41. Kg3 Qxa4 42. Rd3 Qc6 43. h3 a5 44. bxa5 bxa5 45. Kf2 Ke6 46. g4 a4 47. Ke2 a3 48. Re3+ Kd7 49. Kd2 a2 50. Re1 Qg2+ 51. Kd3 Qg3+ 52. Kc2 Qxe1 0-1

[Event "Saarland-ch Seniors 87th"]
[Site "Voelklingen"]
[Date "2012.04.05"]
[Round "7"]
[White "Wolf, Alfred"]
[Black "Schampel, Arno"]
[Result "0-1"]
[WhiteElo "1907"]
[BlackElo "1924"]
[PlyCount "104"]
[EventDate "2012.03.30"]
[EventType "swiss"]
[EventRounds "7"]
[EventCountry "GER"]
[SourceTitle "EXT 2013"]
[Source "ChessBase"]
[SourceDate "2012.11.22"]
[SourceVersion "1"]
[SourceVersionDate "2012.11.22"]
[SourceQuality "1"]

1. Nf3 Nf6 2. g3 c5 3. Bg2 Nc6 4. d3 e5 5. Nbd2 d5 6. e4 dxe4 7. dxe4 Qc7 8. 0-0 Bg4 9. c3 Rd8 10. Qc2 Be7 11. h3 Bc8 12. Nh4 g6 13. Nc4 0-0 14. Bh6 Rfe8 15. Ne3 Bf8 16. Bxf8 Kxf8 17. f4 Nh5 18. Qf2 Rd6 19. Nd5 Qd8 20. Qxc5 Nxg3 21. fxe5 Nxe5 22. Nf6 Nd3 23. Qg5 Nxf1 24. Rxf1 Qb6+ 25. Kh2 Rxf6 26. Rxf6 Qc7+ 27. Kh1 Kg7 28. Rf1 Qb6 29. Nf5+ Bxf5 30. exf5 f6 31. Qd2 Rd8 32. b3 Ne5 33. Qf2 Qa6 34. fxg6 hxg6 35. c4 Nd3 36. Qg3 Rd7 37. Be4 Ne5 38. Qg2 b6 39. Qf2 Rd6 40. c5 bxc5 41. Rc1 Rd4 42. Qg2 Qa5 43. Bb1 Qd8 44. Rg1 Rd2 45. Qb7+ Rd7 46. Qe4 Rd1 47. Qb7+ Kh6 48. Qe4 Rxg1+ 49. Kxg1 Qd1+ 50. Kg2 Qd2+ 51. Kg1 Qc3 52. Qh4+ Kg7 0-1

[Event "Saarland-ch A"]
[Site "Schiffweiler"]
[Date "2009.04.03"]
[Round "1"]
[White "Friedrich, Elias"]
[Black "Wolf, Alfred"]
[Result "1-0"]
[WhiteElo "1618"]
[BlackElo "1938"]
[PlyCount "85"]
[EventDate "2009.04.03"]
[EventType "swiss"]
[EventRounds "9"]
[EventCountry "GER"]
[SourceTitle "EXT 2012"]
[Source "ChessBase"]
[SourceDate "2011.11.24"]
[SourceVersion "1"]
[SourceVersionDate "2011.11.24"]
[SourceQuality "1"]

1. d4 Nf6 2. Nf3 e6 3. Bg5 Be7 4. c4 b5 5. e3 Bb7 6. Nbd2 0-0 7. Qb3 a6 8. Bxf6 Bxf6 9. cxb5 axb5 10. Bxb5 Bd5 11. Bc4 Bxc4 12. Qxc4 Nc6 13. a3 Be7 14. 0-0 Na5 15. Qc2 c6 16. Rab1 Nb7 17. Nb3 Qb6 18. Ne5 Rfd8 19. Rfc1 f6 20. Nc4 Qb5 21. Ncd2 Ra7 22. Qc4 Qb6 23. Qd3 Nd6 24. Nc5 Nb7 25. Nxb7 Qxb7 26. g3 Rb8 27. Rc3 Qc7 28. Rb3 Rab7 29. Rxb7 Qxb7 30. b4 Ra8 31. Rb3 Bd6 32. Ne4 Be7 33. Nc5 Qa7 34. h4 Rb8 35. Qc4 Kf7 36. e4 Kf8 37. Rf3 Rb5 38. a4 Rb8 39. d5 Bxc5 40. bxc5 cxd5 41. exd5 exd5 42. Qxd5 Qxa4 43. Qd6+ 1-0

[Event "Saarland-ch Seniors"]
[Site "Eppelborn"]
[Date "2008.03.26"]
[Round "1"]
[White "Wolf, Alfred"]
[Black "Passeier, Helmut"]
[Result "1/2-1/2"]
[WhiteElo "1957"]
[BlackElo "2127"]
[PlyCount "84"]
[EventDate "2008.03.15"]
[EventType "swiss"]
[EventRounds "9"]
[EventCountry "GER"]
[SourceTitle "EXT 2010"]
[Source "ChessBase"]
[SourceDate "2010.11.25"]
[SourceVersion "1"]
[SourceVersionDate "2010.11.25"]
[SourceQuality "1"]

1. d4 d5 2. Nf3 Nf6 3. g3 c6 4. Bg2 Nbd7 5. 0-0 e6 6. c4 Bd6 7. Nc3 h6 8. b3 0-0 9. Bb2 Re8 10. Re1 Bb4 11. a3 Bxc3 12. Bxc3 Ne4 13. Bb2 f5 14. Nd2 Nd6 15. Rc1 Qg5 16. Nf3 Qf6 17. Ne5 g5 18. e3 g4 19. f3 gxf3 20. Qxf3 Kh7 21. Nd3 Rg8 22. Rf1 Ne4 23. Rc2 Rf8 24. Nf2 Qg7 25. Nxe4 fxe4 26. Qe2 Nf6 27. Rcc1 Bd7 28. a4 Ng4 29. Ba3 Rxf1+ 30. Rxf1 e5 31. h3 exd4 32. hxg4 d3 33. Qf2 Bxg4 34. Bb2 Qd7 35. Bc3 Be2 36. Qf7+ Qxf7 37. Rxf7+ Kg6 38. Rf6+ Kg5 39. Bh3 d4 40. Rf5+ Kg6 41. Bd2 dxe3 42. Bxe3 Rd8 1/2-1/2

[Event "Saarland-ch Seniors 26th"]
[Site "Germany"]
[Date "2007.04.04"]
[Round "6"]
[White "Wolf, Alfred"]
[Black "Backes, Robert"]
[Result "0-1"]
[WhiteElo "1728"]
[BlackElo "1526"]
[PlyCount "106"]
[EventDate "2007.03.30"]
[EventType "swiss"]
[EventRounds "9"]
[EventCountry "GER"]
[SourceTitle "EXT 2008"]
[Source "ChessBase"]
[SourceDate "2007.11.25"]
[SourceVersion "1"]
[SourceVersionDate "2007.11.25"]
[SourceQuality "1"]

1. d4 Nf6 2. c4 e6 3. Nc3 d5 4. g3 c6 5. Bg2 g6 6. Nf3 Bg7 7. 0-0 0-0 8. Re1 Nbd7 9. Bg5 h6 10. Bd2 Kh7 11. Bf4 Ne8 12. c5 f6 13. b4 e5 14. Be3 e4 15. Nd2 a6 16. a4 Nc7 17. Rb1 Ne6 18. Nb3 f5 19. Bh3 Qf6 20. f4 exf3 21. exf3 Rf7 22. b5 axb5 23. axb5 Nexc5 24. bxc6 bxc6 25. Nxd5 cxd5 26. dxc5 Qc6 27. f4 Ra2 28. Bg2 Rxg2+ 29. Kxg2 d4+ 30. Qf3 Qxf3+ 31. Kxf3 dxe3 32. Rxe3 Bb7+ 33. Ke2 Be4 34. Rc1 Nf6 35. c6 Nd5 36. Nd2 Nxe3 37. c7 Bb7 38. Kxe3 Re7+ 39. Kf2 Bd4+ 40. Kf1 Ba6+ 41. Kg2 Re2+ 42. Kh3 Rxd2 43. c8Q Bxc8 44. Rxc8 Bg1 45. Rc7+ Kg8 46. g4 fxg4+ 47. Kxg4 Rg2+ 48. Kf3 Rxh2 49. Kg3 Rd2 50. Kg4 Rd4 51. Kf3 Bh2 52. Ke3 Rxf4 53. Rc2 Rh4 0-1

[Event "Saarland-ch Seniors 26th"]
[Site "Germany"]
[Date "2007.04.02"]
[Round "4"]
[White "Wolf, Alfred"]
[Black "Wirtz, Heinz"]
[Result "0-1"]
[WhiteElo "1728"]
[BlackElo "1663"]
[PlyCount "86"]
[EventDate "2007.03.30"]
[EventType "swiss"]
[EventRounds "9"]
[EventCountry "GER"]
[SourceTitle "EXT 2008"]
[Source "ChessBase"]
[SourceDate "2007.11.25"]
[SourceVersion "1"]
[SourceVersionDate "2007.11.25"]
[SourceQuality "1"]

1. Nf3 e6 2. g3 d5 3. Bg2 Nf6 4. 0-0 Be7 5. d3 0-0 6. Nbd2 b6 7. e4 Bb7 8. e5 Nfd7 9. Re1 c5 10. Nf1 Qc7 11. Bf4 d4 12. h4 Bd5 13. N1h2 Nc6 14. Qe2 Rfe8 15. c3 dxc3 16. bxc3 Na5 17. Ng4 Nf8 18. h5 Rad8 19. h6 g6 20. Nf6+ Bxf6 21. exf6 Qb7 22. g4 Nd7 23. g5 b5 24. Bd6 a6 25. Rab1 Rc8 26. a4 Qc6 27. Be7 Rb8 28. Rec1 bxa4 29. c4 Bxf3 30. Bxf3 Qc7 31. Qe3 Nb3 32. Rc3 Qe5 33. Qxe5 Nxe5 34. Bd1 Rb7 35. Bf3 Rc7 36. Bd6 Rcc8 37. Bd1 Nd4 38. Bxe5 Red8 39. Rb2 Rc6 40. Ra2 Nf5 41. Bf3 Nd4 42. Bd1 Ra8 43. Rb2 Nb3 0-1

[Event "Saarland-ch Seniors 26th"]
[Site "Germany"]
[Date "2007.03.31"]
[Round "2"]
[White "Wolf, Alfred"]
[Black "Passeier, Helmut"]
[Result "1/2-1/2"]
[WhiteElo "1728"]
[BlackElo "1888"]
[PlyCount "48"]
[EventDate "2007.03.30"]
[EventType "swiss"]
[EventRounds "9"]
[EventCountry "GER"]
[SourceTitle "EXT 2008"]
[Source "ChessBase"]
[SourceDate "2007.11.25"]
[SourceVersion "1"]
[SourceVersionDate "2007.11.25"]
[SourceQuality "1"]

1. Nf3 d5 2. g3 g6 3. Bg2 Bg7 4. 0-0 e5 5. d3 Ne7 6. Nbd2 0-0 7. e4 d4 8. Re1 c5 9. Nc4 Nbc6 10. a4 Be6 11. Ng5 Bxc4 12. dxc4 h6 13. Nh3 Qd7 14. f4 Kh7 15. c3 Rad8 16. Bd2 Qc8 17. Qc2 Qd7 18. Nf2 dxc3 19. Bxc3 Nd4 20. Bxd4 cxd4 21. Nd3 exf4 22. Nxf4 a5 23. Rab1 Nc6 24. Kh1 Qe7 1/2-1/2

[Event "GER-ch Seniors 18th"]
[Site "Dresden"]
[Date "2006.07.26"]
[Round "5"]
[White "Klein, Leo"]
[Black "Wolf, Alfred"]
[Result "1/2-1/2"]
[WhiteElo "1910"]
[BlackElo "1713"]
[PlyCount "68"]
[EventDate "2006.07.22"]
[EventType "swiss"]
[EventRounds "9"]
[EventCountry "GER"]
[SourceTitle "EXT 2022"]
[Source "ChessBase"]
[SourceDate "2021.10.06"]
[SourceVersion "1"]
[SourceVersionDate "2021.10.06"]
[SourceQuality "1"]

1. d4 d5 2. Nf3 Nf6 3. Bf4 c6 4. e3 Bf5 5. Nbd2 e6 6. Be2 Bd6 7. Ne5 Qe7 8. 0-0 Nbd7 9. c4 Rc8 10. Qb3 b6 11. Rac1 0-0 12. cxd5 exd5 13. Ba6 Nxe5 14. dxe5 Bxe5 15. Bxc8 Rxc8 16. Bxe5 Qxe5 17. h3 c5 18. Qc3 Qe6 19. e4 Nxe4 20. Nxe4 Bxe4 21. Rfe1 d4 22. Qc4 Qg6 23. g3 h6 24. Qe2 Bb7 25. Kh2 d3 26. Qd2 c4 27. Re3 Qc6 28. f4 Qd5 29. Re5 Qd6 30. Rce1 Qc6 31. Rc1 Qc7 32. Rce1 f6 33. Re7 Qc6 34. Rc1 Qd5 1/2-1/2

[Event "Bad Woerishofen Seniors opA 22th"]
[Site "Bad Woerishofen"]
[Date "2006.03.24"]
[Round "8"]
[White "Gestrich, Wolfgang"]
[Black "Wolf, Alfred"]
[Result "0-1"]
[WhiteElo "1489"]
[BlackElo "1744"]
[PlyCount "60"]
[EventDate "2006.03.17"]
[EventType "swiss"]
[EventRounds "9"]
[EventCountry "GER"]
[SourceTitle "EXT 2022"]
[Source "ChessBase"]
[SourceDate "2021.10.06"]
[SourceVersion "1"]
[SourceVersionDate "2021.10.06"]
[SourceQuality "1"]

1. c4 g6 2. g3 Bg7 3. Nc3 Nf6 4. Bg2 0-0 5. e4 d6 6. Nge2 c5 7. 0-0 Nc6 8. d3 Bd7 9. a3 Qc8 10. Be3 Bh3 11. Nf4 Bxg2 12. Kxg2 Ng4 13. Bd2 Nge5 14. Be3 Nd7 15. Nfe2 Nd4 16. Rb1 b6 17. b4 a6 18. Bxd4 cxd4 19. Na2 Qb7 20. f4 f5 21. Kf3 fxe4+ 22. Kf2 e3+ 23. Kg1 e5 24. Qb3 Kh8 25. fxe5 dxe5 26. c5 bxc5 27. Rf7 Rxf7 28. Qxf7 Rf8 29. Qe6 Qf3 30. Re1 Qf2+ 0-1

[Event "Saarland-ch Seniors 24th"]
[Site "Steinrausch"]
[Date "2005.03.23"]
[Round "6"]
[White "Wolf, Alfred"]
[Black "Lang, Hermann"]
[Result "1-0"]
[WhiteElo "1739"]
[BlackElo "1718"]
[PlyCount "103"]
[EventDate "2005.03.18"]
[EventType "swiss"]
[EventRounds "9"]
[EventCountry "GER"]
[SourceTitle "EXT 2006"]
[Source "ChessBase"]
[SourceDate "2005.11.24"]
[SourceVersion "1"]
[SourceVersionDate "2005.11.24"]
[SourceQuality "1"]

1. Nf3 Nf6 2. g3 g6 3. Bg2 Bg7 4. c4 c5 5. d4 cxd4 6. Nxd4 Nc6 7. 0-0 0-0 8. Nc3 Nxd4 9. Qxd4 d6 10. e4 Be6 11. Qd3 Qc8 12. Nd5 Bxd5 13. cxd5 Nd7 14. Rb1 Ne5 15. Qb3 b5 16. Be3 a6 17. Rfc1 Qd8 18. Bf1 Qa5 19. h3 Rfc8 20. Kg2 h6 21. f4 Nd7 22. a3 Nc5 23. Qc2 b4 24. axb4 Qxb4 25. Qc4 Rab8 26. Qxb4 Rxb4 27. Kf3 Rcb8 28. Bxc5 dxc5 29. e5 Rb3+ 30. Ke4 f5+ 31. exf6 Bxf6 32. Bc4 Rxb2 33. d6+ Kg7 34. Rxb2 Rxb2 35. d7 Rb8 36. Bxa6 Rd8 37. Bb5 Bd4 38. Kd5 Kf6 39. Kc6 e6 40. Kd6 Bf2 41. Rc3 Bd4 42. Rf3 Kf5 43. g4+ Ke4 44. Rf1 Bf6 45. Re1+ Kd4 46. Rxe6 Bh4 47. Rxg6 c4 48. g5 hxg5 49. fxg5 Bg3+ 50. Ke7 Bc7 51. Rc6 Ba5 52. Rc8 1-0

[Event "Saarland-ch Seniors 24th"]
[Site "Steinrausch"]
[Date "2005.03.18"]
[Round "1"]
[White "Wolf, Alfred"]
[Black "Moeckel, Edgar"]
[Result "1/2-1/2"]
[WhiteElo "1739"]
[BlackElo "1833"]
[PlyCount "98"]
[EventDate "2005.03.18"]
[EventType "swiss"]
[EventRounds "9"]
[EventCountry "GER"]
[SourceTitle "EXT 2006"]
[Source "ChessBase"]
[SourceDate "2005.11.24"]
[SourceVersion "1"]
[SourceVersionDate "2005.11.24"]
[SourceQuality "1"]

1. e4 c6 2. d4 d5 3. e5 Bf5 4. g4 Bd7 5. f4 e6 6. Nf3 c5 7. c3 Nc6 8. Be3 Qb6 9. Qb3 Qxb3 10. axb3 cxd4 11. Nxd4 Bc5 12. Nc2 Bxe3 13. Nxe3 Nge7 14. Na3 a6 15. Nb5 0-0 16. Nd6 Rab8 17. Bd3 Nc8 18. Nxc8 Rfxc8 19. 0-0 f6 20. exf6 gxf6 21. f5 Rf8 22. fxe6 Bxe6 23. Nf5 Ne5 24. Be2 Bxf5 25. Rxf5 Rbe8 26. Raf1 Nd7 27. Bf3 Nb6 28. Bxd5+ Nxd5 29. Rxd5 Re4 30. h3 h6 31. Rd7 Rf7 32. Rfd1 Ree7 33. Rxe7 Rxe7 34. Kf2 Kg7 35. Rd6 Kg6 36. Rb6 Kg5 37. Kf3 Rd7 38. h4+ Kxh4 39. Rxf6 Kg5 40. Rf5+ Kg6 41. Re5 Kf6 42. Re2 a5 43. Rh2 Kg6 44. Re2 Kf6 45. Kf4 Rd6 46. Rh2 Kg6 47. Rh5 Rb6 48. Rxa5 Rxb3 49. Ra2 Kf6 1/2-1/2

[Event "Bad Woerishofen Seniors op 21st"]
[Site "Bad Woerishofen"]
[Date "2005.03.11"]
[Round "9"]
[White "Winkler, Hans"]
[Black "Wolf, Alfred"]
[Result "1-0"]
[WhiteElo "1709"]
[BlackElo "1736"]
[PlyCount "93"]
[EventDate "2005.03.03"]
[EventType "swiss"]
[EventRounds "9"]
[EventCountry "GER"]
[SourceTitle "EXT 2006"]
[Source "ChessBase"]
[SourceDate "2005.11.24"]
[SourceVersion "1"]
[SourceVersionDate "2005.11.24"]
[SourceQuality "1"]

1. c4 Nf6 2. Nc3 g6 3. g3 Bg7 4. Bg2 0-0 5. Nf3 c5 6. Rb1 Nc6 7. 0-0 d6 8. a3 a5 9. d3 Bd7 10. Bd2 Rb8 11. Qc1 Re8 12. Bh6 Bh8 13. h3 Qc8 14. Kh2 Nd4 15. Nxd4 cxd4 16. Nd1 Bc6 17. b4 Bxg2 18. Kxg2 axb4 19. axb4 Qc6+ 20. f3 Rec8 21. b5 Qc5 22. Nf2 d5 23. Qd2 dxc4 24. dxc4 Qxc4 25. Rfc1 Qd5 26. Nd3 b6 27. Bf4 Ra8 28. Rxc8+ Rxc8 29. Ne5 Nd7 30. Nc6 Re8 31. Bc7 Bf6 32. e4 Qc5 33. Bf4 g5 34. e5 Bg7 35. Bxg5 Nxe5 36. Nxe5 Qxe5 37. Bf4 Qc5 38. Qd3 e5 39. Bd2 Ra8 40. Rc1 Qe7 41. Qf5 Qd6 42. Qe4 Ra2 43. Rc2 f5 44. Qd3 e4 45. fxe4 fxe4 46. Rc8+ Kf7 47. Qb3+ 1-0

[Event "Bad Woerishofen Seniors op 21st"]
[Site "Bad Woerishofen"]
[Date "2005.03.09"]
[Round "7"]
[White "Storkebaum, Karl Heinrich"]
[Black "Wolf, Alfred"]
[Result "1-0"]
[WhiteElo "2023"]
[BlackElo "1736"]
[PlyCount "45"]
[EventDate "2005.03.03"]
[EventType "swiss"]
[EventRounds "9"]
[EventCountry "GER"]
[SourceTitle "EXT 2006"]
[Source "ChessBase"]
[SourceDate "2005.11.24"]
[SourceVersion "1"]
[SourceVersionDate "2005.11.24"]
[SourceQuality "1"]

1. d4 d5 2. c4 e6 3. Nf3 Nf6 4. Nc3 c6 5. Bf4 dxc4 6. a4 Bb4 7. Qc2 Nd5 8. Bd2 Qa5 9. e4 Nb6 10. Ne5 N8d7 11. Nxc4 Nxc4 12. Bxc4 e5 13. Be3 Nf6 14. f3 Bd7 15. dxe5 Qxe5 16. Bxf7+ Kf8 17. Ba2 g6 18. Qb3 Qe7 19. Bh6+ Ke8 20. 0-0 Rd8 21. Bg5 h6 22. Bxf6 Qxf6 23. Qxb4 1-0

[Event "Bad Woerishofen Seniors op 21st"]
[Site "Bad Woerishofen"]
[Date "2005.03.03"]
[Round "1"]
[White "Schielke, Klaus"]
[Black "Wolf, Alfred"]
[Result "0-1"]
[WhiteElo "1438"]
[BlackElo "1736"]
[PlyCount "72"]
[EventDate "2005.03.03"]
[EventType "swiss"]
[EventRounds "9"]
[EventCountry "GER"]
[SourceTitle "EXT 2006"]
[Source "ChessBase"]
[SourceDate "2005.11.24"]
[SourceVersion "1"]
[SourceVersionDate "2005.11.24"]
[SourceQuality "1"]

1. d4 d5 2. e3 Nf6 3. c4 c6 4. Nc3 Bf5 5. cxd5 cxd5 6. Bb5+ Nc6 7. Nf3 a6 8. Be2 e6 9. 0-0 Bd6 10. a3 Qc7 11. Bd2 0-0 12. Rc1 b5 13. b4 Rfc8 14. h3 h6 15. Be1 Qe7 16. Nd2 e5 17. Nb3 exd4 18. exd4 Bb8 19. Bf3 Qd6 20. g3 Bxh3 21. Bg2 Bxg2 22. Kxg2 Ne4 23. Qg4 Re8 24. Nxe4 dxe4 25. Bc3 Bc7 26. d5 Ne5 27. Bxe5 Qxe5 28. Rfd1 f5 29. Qf4 g5 30. Qd2 f4 31. Rc6 f3+ 32. Kh2 Qe7 33. Rxh6 Kg7 34. Rh3 Rh8 35. Rxh8 Kxh8 36. Nc5 Qh7+ 0-1

[Event "Saarlouis op 7th"]
[Site "Saarlouis"]
[Date "2004.05.23"]
[Round "7"]
[White "Wolf, Alfred"]
[Black "Goelz, Daniel"]
[Result "1/2-1/2"]
[WhiteElo "1965"]
[BlackElo "1680"]
[PlyCount "38"]
[EventDate "2004.05.19"]
[EventType "swiss"]
[EventRounds "7"]
[EventCountry "GER"]
[SourceTitle "EXT 2006"]
[Source "ChessBase"]
[SourceDate "2005.11.24"]
[SourceVersion "1"]
[SourceVersionDate "2005.11.24"]
[SourceQuality "1"]

1. Nf3 d5 2. g3 c5 3. Bg2 Nf6 4. 0-0 g6 5. d3 Bg7 6. Nbd2 0-0 7. e4 e6 8. Re1 Nc6 9. Qe2 b6 10. Nf1 Bb7 11. e5 Nd7 12. Bf4 Qc7 13. h4 Ba6 14. N1h2 c4 15. d4 Nb4 16. Qd2 Nc6 17. c3 Ne7 18. Kh1 b5 19. a3 Qb6 1/2-1/2

[Event "Saarlouis op 7th"]
[Site "Saarlouis"]
[Date "2004.05.22"]
[Round "6"]
[White "Hoefer, Michael"]
[Black "Wolf, Alfred"]
[Result "0-1"]
[WhiteElo "1143"]
[BlackElo "1965"]
[PlyCount "84"]
[EventDate "2004.05.19"]
[EventType "swiss"]
[EventRounds "7"]
[EventCountry "GER"]
[SourceTitle "EXT 2006"]
[Source "ChessBase"]
[SourceDate "2005.11.24"]
[SourceVersion "1"]
[SourceVersionDate "2005.11.24"]
[SourceQuality "1"]

1. e4 g6 2. d4 Bg7 3. Nf3 d6 4. Nc3 Nf6 5. Be2 0-0 6. 0-0 c6 7. Bg5 h6 8. Bh4 Nbd7 9. Re1 Qc7 10. e5 dxe5 11. dxe5 Nxe5 12. Nxe5 Qxe5 13. Bf3 Qd6 14. Bg3 Qxd1 15. Raxd1 Re8 16. Bc7 Bf5 17. Ne4 Nd5 18. Ba5 b6 19. Bc3 Nxc3 20. Nxc3 Rac8 21. Be4 Bxe4 22. Rxe4 e6 23. Rd7 Red8 24. Rxd8+ Rxd8 25. Kf1 Rd2 26. Rc4 Rxc2 27. Rxc6 Rxb2 28. Rc8+ Kh7 29. Nb5 Rxb5 30. Rc7 Rb2 31. Rxa7 g5 32. g4 Kg6 33. Ra6 Bd4 34. Ra4 Rxf2+ 35. Ke1 Bc5 36. Ra8 Rxh2 37. a4 Kg7 38. Kd1 Bb4 39. Kc1 Rg2 40. Kb1 Rxg4 41. Ka2 Ba5 42. Kb3 h5 0-1

[Event "Saarlouis op 7th"]
[Site "Saarlouis"]
[Date "2004.05.22"]
[Round "5"]
[White "Wolf, Alfred"]
[Black "Marx, Lukas"]
[Result "1-0"]
[WhiteElo "1965"]
[BlackElo "1000"]
[PlyCount "61"]
[EventDate "2004.05.19"]
[EventType "swiss"]
[EventRounds "7"]
[EventCountry "GER"]
[SourceTitle "EXT 2006"]
[Source "ChessBase"]
[SourceDate "2005.11.24"]
[SourceVersion "1"]
[SourceVersionDate "2005.11.24"]
[SourceQuality "1"]

1. d4 d5 2. c4 c6 3. Nf3 Nf6 4. Nc3 dxc4 5. a4 a5 6. e4 e6 7. Bxc4 Bb4 8. Qe2 Nbd7 9. Bg5 Qc7 10. 0-0 0-0 11. Rac1 h6 12. Bh4 Bxc3 13. Rxc3 Re8 14. Qd3 Nh5 15. Bb3 Nf4 16. Qe3 b6 17. Bg3 g5 18. h4 f6 19. Qd2 Qb7 20. Bxf4 gxf4 21. Qxf4 Kf7 22. Bc2 e5 23. Qf5 Kg7 24. Nxe5 Nxe5 25. Rg3+ Kf7 26. Qh7+ Ke6 27. Bb3+ Kd6 28. dxe5+ fxe5 29. Rd1+ Kc5 30. Qxh6 b5 31. Qe3+ 1-0

[Event "Saarland-ch Seniors 23rd"]
[Site "Saarlouis"]
[Date "2004.04.06"]
[Round "5"]
[White "Schmidt, Erhard"]
[Black "Wolf, Alfred"]
[Result "1-0"]
[WhiteElo "2118"]
[BlackElo "1965"]
[PlyCount "53"]
[EventDate "2004.04.02"]
[EventType "swiss"]
[EventRounds "9"]
[EventCountry "GER"]
[SourceTitle "CBM 099 Extra"]
[Source "ChessBase"]
[SourceDate "2004.05.04"]
[SourceVersion "1"]
[SourceVersionDate "2004.05.04"]
[SourceQuality "1"]

1. g3 e5 2. c4 d5 3. Bg2 c6 4. cxd5 cxd5 5. Qb3 Nf6 6. Nc3 e4 7. d3 Nc6 8. dxe4 Na5 9. Qb5+ Bd7 10. Qd3 dxe4 11. Nxe4 Nxe4 12. Qxe4+ Be7 13. Nf3 Bc6 14. Qg4 Bf6 15. 0-0 0-0 16. Rb1 Re8 17. b4 Re4 18. Qf5 Nc4 19. b5 g6 20. Qh3 Bd7 21. Qh6 Bg7 22. Qg5 Bf5 23. Qxd8+ Rxd8 24. Rb4 Be6 25. Ng5 Red4 26. Nxe6 fxe6 27. e3 1-0